[Event "9th Beirut Open 2017"]
[Site "Beirut"]
[Date "2017.10.06"]
[Round "8"]
[White "Altorky, Amer"]
[Black "Pruijssers, Roeland"]
[Result "0-1"]
[WhiteElo "1940"]
[BlackElo "2512"]
[Annotator "TA"]
[PlyCount "116"]
[EventDate "2017.??.??"]
[EventCountry "LBN"]
[SourceTitle "playchess.com"]
[Source "ChessBase"]
[SourceQuality "1"]

{[%evp 19,116,10,-10,-24,-32,-33,-23,-33,42,0,0,0,0,6,82,50,67,62,68,59,83,73,93,87,86,81,143,124,148,102,160,74,78,77,83,72,86,104,89,98,105,103,102,99,110,-255,-248,-277,81,-165,-68,-41,8,10,8,-75,-79,-172,-167,-163,-111,-170,-159,-168,-161,-175,-133,-140,-153,-170,-166,-237,-237,-398,-399,-420,-411,-477,-454,-515,-513,-494,-484,-655,-634,-617,-615,-6151,-6104,-29961,-29962,-29972,-29971,-29976,-29977,-29980,-29981,-29982,-29983]} 1. e4 e5 2. Nf3 Nc6 3. d4 exd4 4. Nxd4 Nf6 5. Nxc6 bxc6 6. e5 Qe7 7. Qe2 Nd5 8. c4 Nb6 9. Nc3 Qe6 10. Qe4 g6 {LiveBook: 188 Partien. C45: Schottische Partie} 11. Be2 Bg7 12. f4 O-O {Schwarz steht etwas besser.} 13. O-O {[#]} f5 $146 (13... Re8 $15) ({Vorgänger:} 13... d6 14. Qxc6 dxe5 15. Qxc7 Ba6 16. Nd5 exf4 17. Bd3 g5 18. Qc5 {0-1 (29) Topalov,V (2761)-Caruana,F (2804) Paris 2016}) 14. Qf3 Nxc4 15. b3 Nb6 $1 ({Viel schlechter ist} 15... Nxe5 $6 16. fxe5 Qxe5 17. Bb2 $16) 16. Ba3 d5 (16... d6 $11 {hält das Gleichgewicht.}) 17. Bxf8 Bxf8 18. Rac1 Qf7 19. Rfd1 Be6 20. Qf2 a6 21. Nb1 Bd7 22. Nd2 Qe7 (22... a5 $142) 23. Nf3 $16 c5 24. Re1 a5 (24... Bb5 $142 25. g3 Bxe2) 25. Bd3 (25. Rc2 $142 $1) 25... a4 26. Qg3 Be6 27. Ng5 Bc8 28. h4 axb3 29. axb3 Ra3 30. Bc2 c4 31. Ra1 d4 {Droht stark ...d3.} 32. Nf3 $2 {[%mdl 8192]} (32. Rxa3 $16 {hält den Druck.} Qxa3 33. Bd1) 32... d3 $19 ({Finger weg von} 32... cxb3 33. Rxa3 Qxa3 34. Bb1 $17) 33. Rxa3 dxc2 $2 (33... Qxa3 $19 34. Bxd3 cxd3) 34. Raa1 $2 (34. b4 $1 $16) 34... cxb3 ({Lieber} 34... Qc5+ $19 35. Kh1 cxb3) 35. Nd4 $15 Qc5 (35... Be6 $5 36. Nxb3 Qb4 $17) 36. Qxb3+ Nd5 37. Qxc2 (37. Qb2 $11) 37... Qxd4+ $17 38. Kh2 (38. Qf2 $17 {war erzwungen.} Bc5 39. Qxd4 Bxd4+ 40. Kh2 Bxa1 41. Rxa1) 38... Qxf4+ $19 39. g3 Qf3 (39... Qb4 $1 $19 {Droht ...Le6 und aus.} 40. Rab1 Qg4) 40. Qg2 {[#]} (40. Qe2 $17 Qxe2+ 41. Rxe2) 40... Qxg2+ $1 41. Kxg2 Kf7 42. Kh2 Bg7 43. Ra5 {[#]} Ke6 $1 44. Ra8 Bd7 45. Rg8 (45. Ra6+ {ist eine bessere Verteidigung.} c6 46. Ra7) 45... Bxe5 46. h5 $2 (46. Ra8) 46... gxh5 47. Kh3 Nf6 48. Rf8 Ne4 49. Rg8 Kf7 50. Rd8 Ke7 51. Ra8 Ng5+ 52. Kg2 Bc6+ 53. Kf2 Ne4+ 54. Rxe4 Bxe4 {Schwarz setzt Matt.} 55. Ra5 Kf6 56. Rb5 {[#]} c5 $1 {[%cal Bc7c5,Bc5c4,Bc4c3][%mdl 32]} 57. Ke2 (57. Rxc5 Bd4+) 57... c4 58. Rc5 c3 {Precision: Weiß = 29%, Schwarz = 52%.} 0-1

[Event "9th Beirut Open 2017"]
[Site "Beirut"]
[Date "2017.10.07"]
[Round "9"]
[White "Volkov, Sergey"]
[Black "Kiriakov, Petr"]
[Result "1/2-1/2"]
[WhiteElo "2638"]
[BlackElo "2543"]
[Annotator "TA"]
[PlyCount "37"]
[EventDate "2017.??.??"]
[EventCountry "LBN"]
[SourceTitle "playchess.com"]
[Source "ChessBase"]
[SourceQuality "1"]

{[%evp 24,37,7,8,14,20,24,0,0,0,0,0,0,0,0,0]} 1. d4 Nf6 2. c4 e6 3. Nf3 d5 4. g3 Be7 5. Bg2 O-O 6. O-O dxc4 7. Qc2 a6 8. a4 Bd7 9. Qxc4 Bc6 10. Bf4 a5 11. Nc3 Na6 12. Ne5 {E05: Open Catalan: 5 Nf3 Be7} (12. Rac1 Nb4 13. Ne5 Bxg2 14. Kxg2 c6 15. e4 Nd7 16. Nf3 Qb6 17. Rfd1 Rfd8 18. h4 h6 19. Qe2 Nf6 20. Rd2 {½-½ (88) Meier,G (2630)-Karjakin,S (2783) chess.com INT 2017}) 12... Bd5 13. Qb5 {LiveBook: 3 Games. Black must now prevent e4.} Nb4 14. e4 Bb3 {[#]} 15. Qxb7 $146 ({Predecessor:} 15. Nf3 c6 16. Qe2 Qb6 17. Rfc1 Rfd8 18. Bf1 h6 19. Nd2 Nc2 20. Nxb3 Nxa1 21. Nxa1 Qxd4 {1-0 (47) Fressinet,L (2677)-Gustafsson,J (2646) Oberhof 2011}) 15... Rb8 {The position is equal.} 16. Qa7 Ra8 17. Qb7 Rb8 18. Qa7 Ra8 19. Qb7 1/2-1/2

[Event "9th Beirut Open 2017"]
[Site "Beirut"]
[Date "2017.10.07"]
[Round "9"]
[White "Adly, Ahmed"]
[Black "Ibrahim, Hatim"]
[Result "1/2-1/2"]
[WhiteElo "2625"]
[BlackElo "2331"]
[Annotator "TA"]
[PlyCount "120"]
[EventDate "2017.??.??"]
[EventCountry "LBN"]
[SourceTitle "playchess.com"]
[Source "ChessBase"]
[SourceQuality "1"]

{[%evp 15,120,22,22,31,23,26,27,9,38,28,38,38,38,32,36,17,24,27,23,18,22,26,11,0,8,0,57,71,70,-8,-24,-25,-16,-405,-410,-392,-415,-413,-396,-400,-402,-387,-386,-446,-437,-441,-441,-422,-436,-422,-422,-418,-413,-407,-410,-400,-398,-408,-408,-392,-191,-170,-81,-81,-81,-83,-83,-85,0,-85,-85,-85,-85,-85,-85,-85,-85,-85,0,0,0,0,0,0,0,0,0,0,0,0,0,0,0,0,0,0,0,0,0,0,0,0,0,0,0,0,0]} 1. d4 d5 2. Nf3 Nf6 3. c4 e6 4. Bg5 Nbd7 5. Qc2 Be7 6. e3 h6 7. Bh4 O-O 8. Nc3 c5 9. dxc5 {D61: Queen's Gambit Declined: Classical: 7 Qc2} (9. cxd5 cxd4 10. Nxd4 Nxd5 11. Bxe7 Nxe7 12. Be2 Nf6 13. O-O Bd7 14. Rfd1 Qb6 15. Qb3 Qxb3 16. axb3 a5 17. Bf3 {½-½ (40) Wang,Y (2699)-Kramnik,V (2812) Dortmund 2017}) 9... Nxc5 10. cxd5 exd5 11. Rd1 {White has an edge.} Qa5 12. Bd3 $146 ({Predecessor:} 12. Be2 Nce4 13. O-O Nxc3 14. bxc3 Bd7 15. Rb1 b6 16. Ne5 Qa4 17. Qxa4 Bxa4 {½-½ (32) Kunin,V (2586)-Cvitan,O (2491) Zurich 2016}) 12... Nce4 13. Bxe4 dxe4 14. Nd4 Bg4 {White must now prevent ...Qh5.} 15. Rc1 Rfe8 16. h3 Bd7 17. O-O Rac8 {[%cal Ba8c8,Bc8c5,Bc5g5,Bg5g2,Bg2h2][%mdl 32]} 18. Qb3 b6 19. Ncb5 Rc5 $36 {[%cal Rc5b5][%mdl 2048] Black is more active.} 20. Bxf6 gxf6 (20... Rxc1 $1 $11 21. Rxc1 Bxf6) 21. Nc3 $14 Bd6 22. f4 ({White should play} 22. Rfd1 $14) 22... exf3 $1 $11 23. Rxf3 Rg5 $1 {With the idea ...Qe5.} 24. Rxf6 $4 {[%mdl 8192]} (24. h4 $11 {and White stays safe.} Rg6 25. Qd5) 24... Rxg2+ $1 $19 25. Kf1 Qh5 26. Qxf7+ Qxf7 27. Rxf7 Bxh3 ({Less strong is} 27... Kxf7 28. Kxg2 Rxe3 29. Rf1+ Kg6 30. Rf3 $17) 28. Rf3 Rh2+ 29. Rxh3 Rxh3 30. Nd1 Rh2 31. Rc6 Rf8+ 32. Kg1 Rd2 {( -> ...Bh2+)} 33. Rxd6 Rxd1+ {[%mdl 4096] Endgame KRR-KRN} 34. Kg2 Rd2+ 35. Kg3 Rxb2 36. e4 Rxa2 37. Nf5 Rxf5 (37... Re8 $142 38. Nxh6+ Kf8) 38. exf5 {[#] KR-KR} Ra4 (38... b5 $1 $19 {has better winning chances.} 39. Rxh6 b4) 39. Rxh6 $17 Kf7 40. Kf3 b5 41. Rc6 {[#]} a6 (41... a5 $1 $17 42. Ra6 Ra1) 42. Ke3 (42. Rb6 $11 {keeps the balance.}) 42... a5 43. Rc7+ Kf6 {aiming for ...Rb4.} 44. Rc6+ Kg5 45. f6 Kg6 46. Ra6 Kf7 (46... Ra2 $17 {Threatens to win with ...a4.} 47. Kd4 a4) 47. Kd3 $11 {The position is equal.} Ra1 {Strongly threatening ...a4.} 48. Kc2 Ra3 49. Kb2 b4 (49... Ra4 {is more complex.} 50. Kb3 Kg6 51. Kb2 Rh4 52. Rxa5 Rh5) 50. Rb6 Rf3 51. Rb5 $1 Ra3 52. Rb6 Kg6 53. Ra6 $1 a4 54. Rb6 Rb3+ 55. Ka2 Kf7 56. Ra6 Ra3+ 57. Kb2 Kg6 58. Rb6 Rb3+ 59. Ka2 Kf7 60. Ra6 Ra3+ {Precision: White = 67%, Black = 53%.} 1/2-1/2

[Event "9th Beirut Open 2017"]
[Site "Beirut"]
[Date "2017.10.07"]
[Round "9"]
[White "Pruijssers, Roeland"]
[Black "Khairallah, Faisal"]
[Result "1-0"]
[WhiteElo "2512"]
[BlackElo "2274"]
[Annotator "TA"]
[PlyCount "91"]
[EventDate "2017.??.??"]
[EventCountry "LBN"]
[SourceTitle "playchess.com"]
[Source "ChessBase"]
[SourceQuality "1"]

{[%evp 9,91,-11,9,-23,0,11,4,10,0,0,3,0,-10,0,-1,-8,-14,-20,14,3,2,0,13,0,0,3,30,8,26,14,83,91,69,74,78,74,110,108,116,116,121,116,137,139,151,128,273,275,273,286,288,283,372,370,402,400,460,355,354,328,430,327,575,570,562,566,562,563,581,577,679,679,667,667,1351,1320,1131,593,592,577,586,577,561,561]} 1. e4 {[%cal Be2e4,Be4e5][%mdl 32]} c5 2. Nf3 e6 3. b3 Nc6 4. Bd3 (4. Bb2 d5 5. Bb5 Nf6 6. e5 Nd7 7. Bxc6 bxc6 8. d3 a5 9. Nc3 Ba6 10. O-O Be7 11. Re1 O-O 12. Qd2 Nb6 {1-0 (48) Antipov,M (2576)-Grachev,B (2658) Minsk 2017}) 4... Nf6 5. e5 $146 ({Predecessor:} 5. O-O Nb4 6. Re1 Nxd3 7. cxd3 Be7 8. Bb2 O-O 9. d4 b6 10. d3 Bb7 11. Nbd2 Rc8 12. dxc5 bxc5 {1-0 (36) Kerigan,D (2311)-Kaim,P (2212) Sliema 2015}) 5... Nd5 6. Bb2 {B40: Sicilian: 2...e6, Unusual lines} Be7 7. Be4 O-O 8. O-O {The position is equal.} d6 9. exd6 Qxd6 10. Na3 Nf6 11. Nb5 Qd7 12. Bxc6 $1 Qxc6 13. a4 Nd7 14. d4 b6 15. Qe2 Re8 16. Ne5 $36 {[%mdl 2048] Black is under pressure.} Nxe5 17. Qxe5 {And now d5! would win.} Bf8 (17... Bb7 $2 18. d5 $1 $18 {[%mdl 512]}) 18. dxc5 Bb7 {[%csl Gb7][%cal Rc6g2]} 19. Qg3 {Strongly threatening Nc7.} Qxc5 (19... e5 $11 {keeps the balance.}) 20. Nc7 $16 Qxc2 21. Be5 Bd5 22. b4 Rec8 23. Nxa8 Bxa8 24. Bd6 Bxd6 25. Qxd6 Qe4 {[%csl Ga8][%cal Re4g2]} 26. f3 Qe3+ 27. Kh1 h6 (27... Bd5 $16 {is a better defense.}) 28. Qd7 $18 Qc3 29. b5 ({Don't take} 29. Qxa7 $6 Qxb4 30. Rfb1 Qc3 $18) 29... Bd5 30. Qxa7 Qc5 31. a5 Qxb5 {Now ...bxa5 and Black clings on.} 32. Qxb6 Qe2 33. Qf2 Qa6 34. Qd2 Rc4 35. Qe3 Rh4 $2 (35... Rc7 {keeps fighting.} 36. Qb6 Rc6) 36. Qb6 {White is clearly winning.} Qc4 37. Qb8+ Kh7 38. a6 {[%cal Ba5a6,Ba6a7][%mdl 32]} Qe2 {Black hopes to continue with ...Rg4.} 39. Qb1+ f5 {intending ...Rg4.} 40. Qe1 Qc4 41. a7 Qf4 {[%csl Gh4][%cal Rf4h2]} 42. g3 Bxf3+ 43. Kg1 Qd4+ {[#]} 44. Qf2 $1 {[%cal Rf2d4] aiming for Qxd4.} ({Weaker is} 44. Rf2 Ba8 $16) 44... Ba8 45. Qxd4 ({Worse is} 45. gxh4 Qg4+ 46. Qg3 Qd4+ 47. Qf2 Qg4+ 48. Qg3 Qd4+ 49. Qf2 $11) 45... Rxd4 46. Rfd1 {Precision: White = 68%, Black = 37%.} 1-0

[Event "9th Beirut Open 2017"]
[Site "Beirut"]
[Date "2017.10.07"]
[Round "9"]
[White "Tsatsalashvili, Keti"]
[Black "Kassis, Antoine"]
[Result "1/2-1/2"]
[WhiteElo "2264"]
[BlackElo "2130"]
[Annotator "TA"]
[PlyCount "54"]
[EventDate "2017.??.??"]
[EventCountry "LBN"]
[SourceTitle "playchess.com"]
[Source "ChessBase"]
[SourceQuality "1"]

{[%evp 27,54,-21,0,0,0,0,0,-13,-7,-6,0,-50,-57,-96,-86,-85,-79,-224,-223,-233,-219,-446,-16,-16,-24,-12,-8,-9,-18]} 1. d4 Nf6 2. c4 g6 3. Nc3 Bg7 4. e4 d6 5. Nf3 O-O 6. Be2 c5 7. d5 e6 8. O-O Re8 9. Nd2 Na6 10. f4 exd5 11. cxd5 Nc7 12. a4 b6 13. Bf3 Rb8 14. Re1 Ba6 {LiveBook: 21 Games} 15. Nb3 {A69: Modern Benoni: Four Pawns Attack with 9...Re8} (15. Ra3 Nd7 16. Nf1 Bxf1 17. Rxf1 a6 18. Ne2 b5 19. axb5 axb5 20. Ng3 b4 21. Ra2 c4 22. Be3 b3 {0-1 (47) Jeremic,V (2537)-Leskur,D (2482) Mataruska Banja 2007}) 15... Nd7 16. Be3 Bc4 17. Qc2 $146 ({Predecessor:} 17. Nd2 Bd3 18. Be2 Bxe4 19. Ndxe4 f5 20. Bf3 fxe4 21. Nxe4 Nf6 22. Ng3 Qd7 {0-1 (37) Zmarzly,A (2091)-Sowul,B (2178) Ustron 2011}) 17... Bxb3 18. Qxb3 a6 19. e5 dxe5 20. Ne4 exf4 21. Bxf4 Ne5 22. Bg5 (22. Rad1 $17) 22... Nxf3+ $19 23. Qxf3 Qxd5 24. Rad1 $2 {[#]} (24. Nf6+ Bxf6 25. Bxf6) 24... Qf5 $2 (24... Bd4+ $19 25. Kh1 {[#]} Rxe4 $1 {[%mdl 512]} 26. Qxe4 Qxg5) 25. Bf4 $1 $11 {[%cal Rf4c7]} Ne6 26. Nd6 Qxf4 27. Qxf4 Nxf4 {Precision: White = 36%, Black = 57%.} 1/2-1/2

[Event "9th Beirut Open 2017"]
[Site "Beirut"]
[Date "2017.10.07"]
[Round "9"]
[White "Najjar, Ahmad"]
[Black "Kotanjian, Tigran"]
[Result "0-1"]
[WhiteElo "2242"]
[BlackElo "2475"]
[Annotator "TA"]
[PlyCount "106"]
[EventDate "2017.??.??"]
[EventCountry "LBN"]
[SourceTitle "playchess.com"]
[Source "ChessBase"]
[SourceQuality "1"]

{[%evp 15,106,0,12,-2,0,6,13,-3,-2,-2,0,-15,-21,-81,-95,-378,-372,-367,-382,-382,-373,-450,-443,-466,-485,-460,-475,-474,-480,-490,-474,-532,-539,-561,-506,-549,-550,-612,-612,-616,-598,-597,-483,-546,-481,-582,-471,-550,-550,-547,-535,-537,-532,-553,-547,-625,-567,-555,-558,-563,-556,-637,-635,-629,-617,-610,-569,-749,-735,-1435,-1262,-5061,-923,-29954,-29960,-29958,-29962,-29966,-7889,-29970,-29974,-29975,-29976,-29977,-29977,-29977,-29977,-29980,-29981,-29986,-29986,-29988,-29987]} 1. d4 Nf6 2. Nf3 g6 3. Bf4 Bg7 4. e3 O-O 5. Be2 c5 6. c3 d5 7. O-O b6 {D02: 1 d4 d5 2 Nf3 sidelines, including 2...Nf6 3 g3 and 2...Nf6 3 Bf4} (7... Nc6 8. Ne5 Qb6 9. Qb3 Nxe5 10. Bxe5 Nd7 11. Bxg7 Kxg7 12. Nd2 Nf6 13. Qa3 cxd4 14. cxd4 Bd7 15. Rac1 Rfc8 16. Nf3 Bg4 17. h3 {½-½ (17) Berkes,F (2648)-Yu,Y (2738) Moscow 2017}) 8. Nbd2 Bb7 {LiveBook: 18 Games} 9. a4 Nc6 {The position is equal.} 10. Ne5 Nd7 {[%cal Rc6e5]} 11. Nxd7 Qxd7 12. dxc5 $146 ({Predecessor:} 12. Nf3 c4 13. Nd2 Na5 {1-0 (32) De la Vega,H (2385)-Alisievicz Buenos Aires 1981}) 12... e5 $1 {[%cal Re5f4]} 13. Bg3 bxc5 14. Ne4 {[#]} (14. e4 $11 {remains equal.}) 14... Qe7 $1 $36 {[%mdl 2048] Black is really pushing.} 15. Qxd5 $2 {[%mdl 8192]} (15. Nd2 $17 {only move.}) 15... Nd4 $1 $19 {[%cal Rd4e2]} 16. Qxc5 Nxe2+ 17. Kh1 Nxg3+ 18. hxg3 Qd7 19. f3 Bxe4 20. fxe4 Qg4 21. Rf3 Qxe4 22. a5 a6 23. Rd1 Qg4 {Hoping for ...e4.} 24. Rdf1 f5 25. Kh2 Rab8 26. b4 Rbc8 27. Qd5+ Kh8 28. e4 f4 29. gxf4 exf4 30. Qd6 Qh4+ 31. Kg1 Rfd8 32. Qxf4 Qxf4 33. Rxf4 Bxc3 34. Rf7 Bxb4 35. R1f6 Bxa5 36. Rxa6 Rc7 37. Rf1 Bb4 38. Ra2 Re8 39. Re2 Rce7 40. Rf4 Bd6 41. Rg4 Kg7 42. Kf2 h5 43. Rh4 Kh6 44. g3 g5 {[%cal Bg6g5,Bg5g4][%mdl 32]} 45. Rh1 Rxe4 46. Rxe4 Rxe4 {[%mdl 4096] Endgame KRB-KR} 47. Rc1 g4 {Black mates.} 48. Rc6 Re6 49. Rc3 Kg5 50. Rb3 Be5 51. Rb5 Kf5 52. Kg2 Rc6 53. Rb3 Rc3 {Precision: White = 20%, Black = 82%.} 0-1

[Event "9th Beirut Open 2017"]
[Site "Beirut"]
[Date "2017.10.07"]
[Round "9"]
[White "El Jawich, Amro"]
[Black "Demchenko, Anton"]
[Result "0-1"]
[WhiteElo "2230"]
[BlackElo "2649"]
[Annotator "TA"]
[PlyCount "58"]
[EventDate "2017.??.??"]
[EventCountry "LBN"]
[SourceTitle "playchess.com"]
[Source "ChessBase"]
[SourceQuality "1"]

{[%evp 10,58,46,36,49,42,53,47,50,28,18,30,30,27,25,20,19,15,30,0,18,0,32,18,169,256,252,170,167,142,151,68,68,64,85,-66,-85,-239,-225,-203,-207,-318,-313,-336,-321,-336,-319,-428,-410,-509,-487]} 1. e4 g6 2. d4 Bg7 3. Nf3 d6 4. Bc4 e6 5. O-O Ne7 6. Bb3 b6 {B06: Modern Defence} 7. Re1 Bb7 8. a4 {[%cal Ba2a4,Ba4a5][%mdl 32]} (8. c3 h6 9. Nbd2 Nd7 10. Nf1 O-O 11. Ng3 c5 12. h3 Qc7 13. Be3 {1-0 (46) Chadaev,N (2573)-Nepomniachtchi,I (2729) Olginka 2011}) 8... O-O $146 {White is slightly better.} ({Predecessor:} 8... a6 9. c3 O-O 10. Nbd2 Nd7 11. Nf1 c5 12. Ng3 h6 13. h3 Qc7 14. Bf4 {1-0 (52) Wittmann,W (2279)-Akesson,R (2466) Budapest 2008}) 9. Bg5 h6 10. Bh4 Nd7 11. a5 Rb8 12. c3 b5 13. Nbd2 g5 14. Nxg5 hxg5 15. Bxg5 Nf6 16. Re3 Qd7 $2 (16... Nh7 $1 $11 17. a6 Bc6) 17. Bxf6 $18 Bxf6 18. Qg4+ Ng6 19. f4 {aiming for f5.} Kg7 {[#]} 20. f5 (20. d5 $1 $16) 20... exf5 $14 21. exf5 {Threatens to win with Rg3.} Rh8 {And now ...Rh4 would win.} 22. g3 $2 (22. a6 $16 Bc6 23. d5 Bxd5 24. Bxd5) 22... Kf8 $15 23. Rf1 $2 {[#]} (23. Be6 $17 {was necessary.} Qc6 24. Ne4) 23... Ne7 $1 $19 24. Be6 Qd8 ({Not} 24... fxe6 $2 25. fxe6 Qc6 26. Rxf6+ Ke8 27. Ref3 $18) 25. Ne4 (25. Re2 $142) 25... Bxe4 $1 (25... fxe6 26. fxe6 a6 27. Rxf6+ Ke8 28. Qg7 Qd7 29. Qxh8+ Ng8 30. Qxg8+ Ke7 31. Qh7+ Ke8 32. Qxd7#) 26. Rxe4 d5 ({But not} 26... fxe6 $2 27. fxe6 Rh6 28. Qg5 $18) 27. Ref4 Ng8 28. Qf3 c6 (28... fxe6 $2 29. fxe6 Rh6 30. Rg4 $17) 29. h4 Qd6 {Precision: White = 39%, Black = 77%.} 0-1

[Event "9th Beirut Open 2017"]
[Site "Beirut"]
[Date "2017.10.07"]
[Round "9"]
[White "Khader, Aram"]
[Black "Gevorgyan, Maria"]
[Result "1-0"]
[WhiteElo "2101"]
[BlackElo "2262"]
[Annotator "TA"]
[PlyCount "73"]
[EventDate "2017.??.??"]
[EventCountry "LBN"]
[SourceTitle "playchess.com"]
[Source "ChessBase"]
[SourceQuality "1"]

{[%evp 9,73,26,62,45,52,0,31,34,53,37,42,40,47,30,31,23,22,4,40,33,35,31,48,39,41,41,85,79,70,63,78,87,124,77,161,169,532,505,585,586,583,582,458,412,1112,1108,1468,1465,1441,1451,1452,1257,1289,1444,1443,1436,1436,1428,1415,1406,1539,1558,6020,5936,5162,3972]} 1. e4 Nc6 2. d4 d5 3. e5 Bf5 4. c3 e6 5. Nf3 Bg6 (5... Nge7 6. a4 h6 7. h4 Bg4 8. Be2 Nf5 9. h5 f6 10. Bf4 Bxf3 11. Bxf3 fxe5 12. dxe5 Nh4 13. Bg3 Nxf3+ 14. Qxf3 {½-½ (78) Abdumalik,Z (2405)-Zhao,X (2504) Doha 2016}) 6. Bd3 {B00: Queen's Fianchetto Defence, Nimzowitsch Defence} Nge7 7. h4 ({Better is} 7. b4 $14) 7... Bxd3 $146 ({Predecessor:} 7... h5 8. Bg5 Qd7 9. O-O Nf5 10. Na3 Be7 11. g3 f6 12. Bf4 O-O-O 13. Nb5 {1-0 (51) Ofner,M (2145)-Janisch,R (2095) Austria 2015}) 8. Qxd3 {White is slightly better.} h5 9. Bg5 Qd7 10. Nbd2 Nf5 11. Nb3 b6 12. Nbd2 {[%cal Bb3d2,Bd2f1,Bf1e3][%mdl 32]} Be7 13. Bf4 Nd8 14. Nf1 c5 15. Ne3 c4 16. Qc2 b5 17. Bg5 f6 18. Nxf5 exf5 19. Bf4 a5 20. O-O Ra6 21. Rae1 Rg8 (21... O-O $16 {is a better defense.}) 22. Re2 $18 Qc8 $2 {[#]} (22... Ne6 {is a better chance.}) 23. Rfe1 Ra7 24. exf6 gxf6 25. Bd6 {[%cal Re2e7]} Rg7 26. Qd2 {[#] Hoping for Qh6.} Rh7 (26... f4 $142 27. Qxf4 Qg4 28. Rxe7+ Raxe7 29. Rxe7+ Rxe7) 27. Qf4 {White is clearly winning.} Rb7 28. Qg3 {Qg6+ is the strong threat.} Nc6 29. Qg8+ Kd7 30. Qe6+ Kd8 31. Qxd5 Ke8 32. Qg8+ Kd7 33. Qxh7 Kxd6 34. Qg6 b4 35. Ne5 Bd8 36. Nxc4+ Kc7 37. Qg3+ {Precision: White = 67%, Black = 19%.} 1-0

[Event "9th Beirut Open 2017"]
[Site "Beirut"]
[Date "2017.10.07"]
[Round "9"]
[White "Koniahli, Malek"]
[Black "Yilmaz, Mustafa"]
[Result "0-1"]
[WhiteElo "2086"]
[BlackElo "2633"]
[Annotator "TA"]
[PlyCount "110"]
[EventDate "2017.??.??"]
[EventCountry "LBN"]
[SourceTitle "playchess.com"]
[Source "ChessBase"]
[SourceQuality "1"]

{[%evp 26,110,21,5,14,0,0,-36,-36,-69,-56,-66,-59,-67,-57,-149,-149,-149,-149,-149,-149,-156,-162,-186,-149,-205,-147,-225,-209,-230,-233,-226,-215,-219,-199,-623,-310,-623,-261,-256,-255,-264,-220,-271,-205,-462,-297,-511,-485,-463,-305,-305,-304,-300,-301,-357,-354,-428,-233,-227,-207,-193,-195,-178,-202,-1051,-1044,-990,-981,-924,-916,-1817,-1645,-1864,-1762,-1371,-1268,-1646,-1525,-1283,-1002,-5106,-5093,-29985,-29984,-29986,-29987]} 1. d4 Nf6 2. c4 g6 3. Nc3 Bg7 4. e4 d6 5. Nf3 O-O 6. Be2 e5 7. O-O Nc6 8. d5 Ne7 9. b4 a5 10. bxa5 Rxa5 11. Nd2 c5 12. dxc6 bxc6 13. Nb3 {E97: King's Indian: Classical Main Line (6...e5 7 0-0 Nc6): 8 Be3 and 8 d5 Ne7, not 9 Ne1} Ra8 14. a4 {LiveBook: 3 Games} Be6 15. Ba3 {The position is equal.} c5 16. Qd3 Nc6 17. Nb5 $146 ({Predecessor:} 17. Rfd1 Nd4 18. Nxd4 exd4 19. Nb5 Rxa4 20. Qb3 Ra5 {0-1 (41) Patsyk,A (2214)-Gulkov,I (2491) Dubna 2000}) 17... Nd4 18. N3xd4 exd4 19. Bc1 Nd7 $36 {[%mdl 2048] And now ...Ne5 would win. Black has the initiative.} 20. Bf4 (20. Ra3 $15) 20... Ne5 $17 21. Bxe5 dxe5 ({Don't play} 21... Bxe5 22. f4 $15) 22. Qa3 Qe7 23. Qd3 Ra6 24. Bd1 Bc8 {[%cal Be6c8,Bc8b7,Bb7c6][%mdl 32]} 25. Na3 (25. Bc2 $17) 25... Bb7 26. Rb1 (26. Nb5 $17) 26... Bc6 27. f3 Bh6 28. Nb5 Ba8 29. Bc2 f5 30. g3 $2 (30. Rbe1) 30... Raf6 (30... fxe4 $142 31. fxe4 Be3+ 32. Kh1 Raf6 33. Rxf6 Rxf6) 31. Kg2 $2 (31. Rbe1) 31... Bg5 (31... fxe4 $142 32. fxe4 Be3) 32. Qe2 $19 h5 {[%cal Bh7h5,Bh5h4,Bh4h3][%mdl 32]} 33. Bd3 h4 34. Rbe1 Re6 35. g4 $2 (35. Rb1) 35... h3+ 36. Kh1 $2 (36. Kxh3 fxg4+ 37. fxg4) 36... fxg4 37. fxg4 Bf4 38. Rf3 Ref6 39. Ref1 Qh7 40. R1f2 Bc6 41. Qf1 Qb7 (41... g5 $142 42. Qb1 Bd7) 42. g5 Bxg5 {[#] ( -> ...Rxf3)} 43. Rxf6 Rxf6 44. Rxf6 Bxf6 45. Qxf6 $2 (45. Qxh3 Kg7 46. Kg1) 45... Bxe4+ 46. Kg1 Bxd3 {[%csl Gh3][%cal Rb7g2] [#]} 47. Qe6+ Qf7 48. Qxf7+ Kxf7 {[%mdl 4096] Endgame KB-KN} 49. a5 Ke7 50. a6 Kd7 51. a7 Be4 52. Kf2 Bb7 53. Kg3 e4 {[%cal Be5e4,Be4e3][%mdl 32]} 54. Kf2 e3+ 55. Ke2 g5 {Precision: White = 17%, Black = 60%.} 0-1